000 00697nam a2200229 a 4500
003 DO-SdBNP
005 20240229073828.0
007 ta
008 220607b2006 dr e|||| |||| 00| 0 spa d
040 _aDO-SdBNP
_bspa
_cBNPHU
082 4 _222
100 1 _aAmaro Guzmán, Raymundo
_9656
245 1 0 _aPrincipios juridicos de la organización administrativa del estado /
_cRaymundo Amaro Guzmán
250 _a5a ed.
260 _aSanto Domingo :
_bOnap,
_c2006
300 _a217 p. ;
_c22 cm.
500 _aIncluye referencias bibliográficas y notas al pie de las páginas
504 _aBibliografía : 209-212
590 _aInventariado, 2022/BT
910 _aBtavárez
942 _2ddc
_cLBS1
999 _c51941
_d51941